Human Foods and Their Nutritive Value

Saved in:
Bibliographic Details
Main Author: Snyder, Harry, 1867-1927
Format: Electronic eBook
Language:English
Published: Project Gutenberg, 2007
Series:Project Gutenberg 20871
Subjects:
Online Access:http://www.gutenberg.org/etext/20871
Rights
Tags: Add Tag
No Tags, Be the first to tag this record!
Call Number :TX

MARC

LEADER 00000cam a22000003a 4500
001 85035
003 MY-KLNDU
005 20241219043549.0
008 210403s2007||||xxu|||||s|||||000 | eng d
035 |a (PGUSA)20871 
039 9 |y 202104031610  |z VLOAD 
040 |a PGUSA  |b eng 
042 |a dc 
050 4 |a TX 
100 1 |a Snyder, Harry, 1867-1927 
245 1 0 |a Human Foods and Their Nutritive Value  |h [electronic resource] /  |c by Harry, 1867-1927 Snyder 
260 |b Project Gutenberg,  |c 2007 
500 |a Project Gutenberg 
506 |a Freely available. 
516 |a Electronic text 
599 |a Dummy Record 
653 0 |a Food 
830 0 |a Project Gutenberg  |v 20871 
856 4 0 |u http://www.gutenberg.org/etext/20871 
856 4 2 |u http://www.gutenberg.org/license  |3 Rights 
999 |a vtls000097511  |c 85035  |d 85035